| 000 | 00459nam a2200169Ia 4500 | ||
|---|---|---|---|
| 008 | 180921t2019 xxu||||| |||| 00| 1 sin d | ||
| 041 | _asin | ||
| 080 |
_aX8C31 _bPRA |
||
| 100 | _aPradeep, Udaththawa Ravindra | ||
| 245 | _aමල් තුහින හැන්දෑව | ||
| 246 | _aMal Thuhina Hendeeva | ||
| 260 |
_bThara Prakashana _aRagama _c2019 |
||
| 300 | _a192p., 21cm | ||
| 942 | _cBK | ||
| 999 |
_c7941 _d7941 |
||
| 003 | LK-CoDNM | ||
| 040 |
_aLK-CoDNM _dLK-CoDNM _eLK-CoDNM |
||